Rozpoznaj grę po recenzji Steam 3 - Statystyki

Ogólne statystyki
  • Ten quiz został rozwiązany 14 razy
    8 od ostatniego zresetowania
  • Średni wynik to 8 z 20
Statystyki odpowiedzi
Recenzja Tytuł Gry % Poprawnych
"całe życie grałem w lola i miałem depresję.. zacząłem grać w ****** i teraz nie tylko mam depresje ale i wbrew swojej woli zaczynam znać rosyjski język." Dota 2
86%
"Po nocach śnią mi się taśmociągi" Factorio
86%
"The residents in the village were evil." Resident Evil Village
86%
"Małpki zagrażjace ludzkości jakimś cudem mają bomby, samoloty, miotacze ognia, noże 2 razy wieksze od ich masy ciała oraz własna sekte. Celem tych feralnych bestji jest zagłada na ludzkości oraz podbicie świata." BTD6
71%
"Kocham bić matkę" The Binding of Isaac
71%
"SZCZUPAK JEST KRÓLEM PONTARU" Wiedźmin 3
71%
"Wojna między Spartą a Atenami to tam chuj w porównaniu do dzików w tej gierce" Assassin's Creed Odyssey
43%
"I don't know if being the fastest of my friends to load a gun and shoot myself in the head is a good thing." Hand Simulator
43%
"Game more brutal than Doom Eternal. Poor ♥♥♥♥♥♥ elephant." It Takes Two
43%
"Nie mogę oddychać" Oxygen Not Included
43%
"I'm still having nightmares because of ghandi" Civilization VI
29%
"this helped me memorise the attack patterns from my dads belt" ELDEN RING
29%
"great game, great concept. i'm sure this could be made into a netflix series no problem." Crab Game
14%
"A guy namend "John Cena" breached through the ceiling. Best gaming moment of my life." Rainbow Six Siege
14%
"trafny symulator huty katowice" Satisfactory
14%
"I'm color blind and can't speak Spanish. 10/10" Uno
14%
"I bought a space gun using my space money, i used said gun on space zombies, I casted space magic on said space zombies, then i space ninja'd my way to the space boss, where i used my space parkour and my space sword to space kill him, I then returned to my space ship were i rubbed the space belly of my space dog.Today was a good day." Warframe
14%
"Doesn't insult your intelligence like D4 and unlike poe you can play it without google and spreadsheets." Last Epoch
0%
"Fajna gra polecam, można zbierać kosmitów jak pokemony" Mass Effect
0%
"Polecam można używać gazu pieprzowego na ludności cywilnej" Ready or Not
0%
Nie znaleziono quizów pasujących do podanych kryteriów
Rozkład punktacji
Procent ludzi z każdym wynikiem
Percentyl według liczby udzielonych odpowiedzi
Twoja historia wyników
Nie rozwiązałeś tego quizu od ostatniego zresetowania